SPC Mitgliedsstaaten - Statistiken

Allgemein
  • Dieses Quiz wurde 19 mal gespielt
  • Das Durchschnittsergebnis liegt bei 14 aus 27
Antwortstatistiken
Antwort % Korrekt
Vereinigte Staaten von Amerika
92%
Australien
83%
Neuseeland
83%
Fidschi
75%
Kiribati
75%
Nauru
75%
Salomonen
75%
Samoa
75%
Tuvalu
75%
Marshallinseln
67%
Mikronesien
67%
Palau
67%
Papua-Neuguinea
67%
Tonga
67%
Vanuatu
58%
Vereinigtes Königreich
50%
Frankreich
42%
Cook Inseln
25%
Guam
25%
Niue
25%
Neu Kaledonien
17%
Pitcairninseln
17%
Tokelau
17%
Amerikanisch-Samoa
8%
Französich-Polynesien
8%
Nördliche Marianen
8%
Wallis und Futuna
8%
Keine übereinstimmenden Quizze gefunden
Verteilung der Resultate
Anzahl Personen mit jedem Resultat
Perzentil nach korrekt beantworteten Fragen
Ihre Resultats-Entwicklung
Sie haben dieses Quiz noch nicht gespielt